Výpočet CSM v produktoch životného poistenia pomocou programu Prophet

Cieľom článkuje priblížiť modelovanie tokov prostredníctvom aktuárskeho softvéru Prophet na rôznych poistných zmluvách životného poistenia. Životné poistenie je dôležité odvetvie poisťovníctva a legislatívna zmena ako IFRS 17 vplýva aj na modelovanie peňažných tokov. Štandard IFRS 17 zaviedol kalkul...

Ausführliche Beschreibung

Gespeichert in:
Bibliographische Detailangaben
1. Verfasser: Zelinová, Silvia, 1987-
Weitere Verfasser: Koptáková, Adriána
Format: Buchkapitel
Sprache:Slowakisch
Schlagworte:
Tags: Tag hinzufügen
Keine Tags, Fügen Sie das erste Tag hinzu!

MARC

LEADER 00000naa a2200000 4500
001 0297772
005 20250108093405.1
041 0 |a slo 
044 |a CZ 
245 1 0 |a Výpočet CSM v produktoch životného poistenia pomocou programu Prophet  |c Silvia Zelinová, Adriána Koptáková 
520 |a Cieľom článkuje priblížiť modelovanie tokov prostredníctvom aktuárskeho softvéru Prophet na rôznych poistných zmluvách životného poistenia. Životné poistenie je dôležité odvetvie poisťovníctva a legislatívna zmena ako IFRS 17 vplýva aj na modelovanie peňažných tokov. Štandard IFRS 17 zaviedol kalkuláciu a vykazovanie zmluvnej servisnej marže (CSM), ktorá je predmetom článku. 
610 2 0 |a poisťovníctvo 
610 2 0 |a marža 
610 2 0 |a zmluvy 
610 2 0 |a poistenie životné 
100 1 |a Zelinová, Silvia, 1987- 
700 1 |a Koptáková, Adriána